00331pab a2200121 454500008004000000100001900040245009200059260000900151300001100160362001100171650001400182773001300196180718b1987 xxu||||| |||| 00| 0 eng d aDowns, Anthony aThe evolution of democracybHow its axioms and institutional forms have been adapted to c1987 a119-48 aSummer aDemocracy aDaedalus